000 00764nam a2200253Ia 4500
005 20221214110136.0
008 140110s9999 xx 000 0 und d
020 _a9788130904610
_cRs 99
040 _aLoreto College
041 _aEnglish
082 _a812.54
_bWIL-BLO
245 _aTennessee William's A Streetcar named Desire
_cEdited and with an introduction by Harold Bloom
250 _a1st Indian ed
260 _aNew Delhi
_bViva Books Private Limited
_c2008
300 _avii,136p
440 _aViva Modern Critical Interpretations
504 _aIncludes references and index
630 _aAmerican Drama
650 _aWillams, Tennessee
651 _aAmerican Literature
700 _aBloom, Harold, ed
850 _aLCLIB
942 _cBK
999 _c37643
_d88122